Master The Mind Monkey: (Record no. 323206)

MARC details
000 -LEADER
fixed length control field 00447nam a2200157Ia 4500
008 - FIXED-LENGTH DATA ELEMENTS--GENERAL INFORMATION
fixed length control field 230718s9999 xx 000 0 und d
041 ## - LANGUAGE CODE
Language code of text/sound track or separate title eng
082 ## - DEWEY DECIMAL CLASSIFICATION NUMBER
Classification number 128
Item number PAT
100 ## - MAIN ENTRY--PERSONAL NAME
Personal name Patkar A.
9 (RLIN) 111472
245 ## - TITLE STATEMENT
Title Master The Mind Monkey:
Remainder of title Experience Your Excellence
260 ## - PUBLICATION, DISTRIBUTION, ETC. (IMPRINT)
Date of publication, distribution, etc. 2009
Name of publisher, distributor, etc. Jaico Publishing House
300 ## - PHYSICAL DESCRIPTION
Extent 276
365 ## - TRADE PRICE
Currency code Rs.
Price amount 350.00
700 ## - ADDED ENTRY--PERSONAL NAME
Personal name Patkar A.
9 (RLIN) 111472
906 ## - LOCAL DATA ELEMENT F, LDF (RLIN)
d O:0039218-Nov-2009B:34202-Oct-2009
c GENRL
b 70
Holdings
Withdrawn status Lost status Source of classification or shelving scheme Damaged status Not for loan Home library Current library Date acquired Vendor Budget Code Cost, normal purchase price Bill number Total Checkouts Full call number Barcode Checked out Date last seen Date last checked out Discount Cost, replacement price Bill Date Koha item type Original Barcode
    Dewey Decimal Classification     Cummins College of Engineering for Women Pune Cummins College of Engineering for Women Pune 18/11/2009 Pradeep Book Distributors GENRL 280.00 342 14 128 CCEP-BK-34413 15/04/2026 01/04/2026 01/04/2026 70 350.00 02/10/2009 Books 034413